| 000 | 00795nam a22002177a 4500 | ||
|---|---|---|---|
| 999 |
_c13642 _d13642 |
||
| 003 | AR-CdUCM | ||
| 008 | 190416b ||||| |||| 00| 0 spa d | ||
| 040 |
_aMUNICIPALIDAD PROVINCIAL DEL CUSCO _cBIBLIOTECA MUNICIPAL DEL CUSCO |
||
| 082 |
_aC / 985.61 / _bH98 / 1953 |
||
| 100 |
_aHeredia, F. Daniel _932134 |
||
| 245 | _aVilcabamba - Apurimac | ||
| 260 |
_aCuzco : _bInstituto de arqueologia, _c1953. |
||
| 300 |
_a24 páginas ; _c22 cm. |
||
| 440 |
_aSeparata de "Revista del museo o instituto arqueológico" _n15 _932135 |
||
| 505 | _aContenido : Medio geográfico -- Posibilidad de ferrocarril Cusco - Lima -- Zona arqueología ... | ||
| 650 |
_aVilcabamba _91752 |
||
| 650 |
_aApurimac _91025 |
||
| 650 |
_aZona arqueológica _932136 |
||
| 942 |
_2ddc _cLIBROS |
||
| 945 |
_arah _d16/04/2019 |
||